000 00410nam a22001697a 4500
003 CEME
005 20210628203632.0
008 210317b xxu||||| |||| 00| 0 eng d
020 _a0-85274-326-2
040 _c.
082 _a671.52 NOR'A
100 _aNorrish, John
_966651
245 _aAdvanced welding processes
260 _aNEWYORK
_bINSTITUTE OF PHYSICS
_c1992
300 _a375P
942 _cBK
_2ddc
999 _c574583
_d574583